La Planada: (Registro nro. 16507)

Detalles MARC
000 -CABECERA
Campo de control 008230000a22002530004500
005 - FECHA Y HORA DE LA ULTIMA TRANSACCION
Campo de control 20200104041724.0
008 - ELEMENTOS DE LONGITUD FIJA—INFORMACION GENERAL
Campo de control 170207b xxu||||| |||| 00| 0 spa d
040 ## - FUENTE DE CATALOGACIÓN
Agencia catalogadora original CO-BoIAVH
Agencia transcriptora CO-BoIAVH
041 ## - IDIOMA
Código de idioma para texto/pista de sonido o título separado Español
090 ## - CLASIFICACIÓN LOCAL
Colección MM
Consecutivo 00131
100 1# - ASIENTO PRINCIPAL--NOMBRE PERSONAL
Nombre personal Domínguez T., Edilma
245 10 - MENCION DE TITULO
Título La Planada:
Version un proyecto para la conservación de la naturaleza y promoción del desarrollo sostenible
257 ## - PAIS DE LA ENTIDAD PRODUCTORA DE FILMES DE ARCHIVO
País de la entidad productora Colombia
264 ## - Producción, Publicación, Distribución, Fabricación y Aviso de copyright
Lugar de producción, publicación, etc Pasto:
Nombre del productor, editor, etc. FES,
Fecha de la producción, publicación, etc. 1999.
300 ## - DESCRIPCION FISICA
Otros detalles físicos CD-ROM
Extensión 1
500 ## - NOTA GENERAL
Nota general Aplicación multimedia
500 ## - NOTA GENERAL
Nota general Requerimientos del sistema: Procesador 486 o superiores 16 Mb en RAM
650 14 - ASIENTO SECUNDARIO DE MATERIA - TERMINO TEMATICO
Término temático o nombre geográfico como elemento de entrada Areas protegidas
650 14 - ASIENTO SECUNDARIO DE MATERIA - TERMINO TEMATICO
Término temático o nombre geográfico como elemento de entrada Bosques de niebla
650 14 - ASIENTO SECUNDARIO DE MATERIA - TERMINO TEMATICO
Término temático o nombre geográfico como elemento de entrada Ecosistemas altoandinos
650 14 - ASIENTO SECUNDARIO DE MATERIA - TERMINO TEMATICO
Término temático o nombre geográfico como elemento de entrada Bosques nublados
700 1# - ASIENTO SECUNDARIO - NOMBRE PERSONAL
Nombre personal Enriquez, Henry
942 ## - ELEMENTOS ADICIONALES (KOHA)
Tipo de ítem CD-ROM
Sistema de clasificación Local
Existencias
Withdrawn status Lost status Sistema de Clasificación Damaged status No para préstamo Colección Ubicación Permanente Ubicación actual Fecha de adquisición Total Checkouts Número topográfico Inventario / Código de Barras Date last seen Ejemplar Price effective from Forma de adquisición Tipo de material
    Local     Audiovisual Bogotá Bogotá 03/05/2004   MM-00131 018332 25/03/2015 Ej. 1 25/03/2015 Donación CD-ROM